| 000 | 00644nam a22002177a 4500 | ||
|---|---|---|---|
| 005 | 20170124110048.0 | ||
| 010 | _aA-998339 | ||
| 020 | _c00.00 | ||
| 035 | _aA-998339 | ||
| 037 | _bCen Lib/Ret | ||
| 040 |
_adpl _bEN |
||
| 082 |
_a658.401 _bSUB |
||
| 100 |
_aSubba Rao, P. _924951 |
||
| 245 |
_aBusiness policy and strategic management / _cby P. Subba Rao |
||
| 260 |
_bHimalaya Publishing House _c1999 _aBombay |
||
| 270 |
_a"Ramdoot" Dr. Bhalerao Marg, Girgaon _bBombay _e400004 |
||
| 300 |
_a526p. _c22cm(Hb) |
||
| 650 |
_aStrategic planning _922791 |
||
| 650 |
_aManagement _93072 |
||
| 942 |
_2ddc _cEN _h658.401 _mSUB |
||
| 999 |
_c128960 _d128960 |
||